| 000 | 01045cam a22002773a 4500 | ||
|---|---|---|---|
| 001 | 32204 | ||
| 003 | PGUSA | ||
| 005 | 20140828083710.0 | ||
| 008 | 100502s2010||||xxu|||||s|||||000 1 eng d | ||
| 040 |
_aPGUSA _beng |
||
| 042 | _adc | ||
| 050 | 4 | _aPH | |
| 100 | 1 |
_aJókai, Mór, _d1825-1904 |
|
| 245 | 1 | 0 |
_aHungarian Sketches in Peace and War : _bConstable's Miscellany of Foreign Literature, vol. 1 _h[electronic resource] / _cMór Jókai |
| 260 |
_bProject Gutenberg, _c2010 |
||
| 505 | 0 | _aPreface -- Dear relations -- The Bardy family -- Crazy Marcsa -- Comorn -- Mor Perczel -- Gergely Sonkolyi -- The unlucky weathercock -- The two brides -- The brewer -- The Szekely mother -- A ball. | |
| 506 | _aPublic domain in the USA. | ||
| 516 | _aElectronic text | ||
| 653 | _aHungary -- History -- Uprising of 1848-1849 -- Fiction | ||
| 653 | _aHungary -- Fiction | ||
| 700 | 1 | _aSzabad, Emeric | |
| 740 | 0 | _aCsataképek. English | |
| 830 | 0 |
_aProject Gutenberg _v32204 |
|
| 856 | 4 | 0 | _uhttp://www.gutenberg.org/ebooks/32204 |
| 942 | _cEB | ||
| 999 |
_c261459 _d261459 |
||